Prevención y uso de drogas: la urgencia de pensar nuevos paradigmas /
保存先:
| 第一著者: | |
|---|---|
| フォーマット: | テキスト |
| タグ: |
タグ追加
タグなし, このレコードへの初めてのタグを付けませんか!
|
MARC
| LEADER | 00000 a a2200000 04500 | ||
|---|---|---|---|
| 001 | 48760 | ||
| 003 | |||
| 040 | |||
| 100 | |a Vergara B., Eduardo | ||
| 245 | |a Prevención y uso de drogas: |b la urgencia de pensar nuevos paradigmas / |c Eduardo Vergara B. | ||
| 773 | |a número255, (2015), páginas 117-131 | ||
| 999 | |c 40115 |d 40115 | ||
